Drosophila zuzukii : una nueva plaga presente en la norpatagonia /
Guardado en:
| Autor Principal: | |
|---|---|
| Otros Autores: | , |
| Formato: | Libro |
| Publicado: |
Alto Valle :
Instituto Nacional de Tecnología Agropecuaria (inta),
2016
|
| Series: | Colección Divulgación
|
| Materias: | |
| Etiquetas: |
Agregar Etiqueta
Sin Etiquetas, Sea el primero en etiquetar este registro!
|
| LEADER | 00956nam a22002655a 4500 | ||
|---|---|---|---|
| 001 | CEM.cems018553 | ||
| 005 | 20170424091836.0 | ||
| 008 | 130507s2016##################000#0#####d | ||
| 003 | CEMS | ||
| 020 | |a 9789875217638 | ||
| 082 | 0 | 4 | |a 595.774 |
| 100 | 1 | |a Cichon, Liliana | |
| 245 | 1 | 0 | |a Drosophila zuzukii : |b una nueva plaga presente en la norpatagonia / |c Liliana Cichon, Silvina Garrido y Jonatán Lago |
| 260 | |a Alto Valle : |b Instituto Nacional de Tecnología Agropecuaria (inta), |c 2016 | ||
| 300 | |a 16 p. | ||
| 490 | 0 | |a Colección Divulgación | |
| 505 | 0 | |a Drosophila zuzukii | |
| 653 | |a Plagas | ||
| 653 | |a Drosophila zuzukii | ||
| 653 | |a Mosca de las alas manchadas | ||
| 700 | 1 | |a Garrido, Silvina | |
| 700 | 1 | |a Lago, Jonatán | |
| 859 | |a CEMS |b BIB. CEMS - Agricultura |h 595.774 |i C485 |p A2887.17 |t Ej.1 | ||
| 859 | |a CEMS |b BIB. CEMS - Agricultura |h 595.774 |i C485 |p A2888.17 |t Ej.2 | ||
| 859 | |a CEMS |b BIB. CEMS - Agricultura |h 595.774 |i C485 |p A2889.17 |t Ej.3 | ||
